书目信息 |
| 题名: |
苏联通史
|
|
| 作者: | 潘克拉托娃 主编 ;山东大学翻译组 译 | |
| 分册: | 第二卷 | |
| 出版信息: | 北京 三联书店 1978 |
|
| 页数: | 571页 | |
| 开本: | 20cm | |
| 丛书名: | ||
| 单 册: | ||
| 中图分类: | K512.0 | |
| 科图分类: | ||
| 主题词: | 苏联--通史 | |
| 电子资源: | ||
| ISBN: | ||
| 000 | 00713nam0 2200241 45 | |
| 001 | 0178002664 | |
| 005 | 20060818095012.82 | |
| 010 | @dCNY1.90 | |
| 091 | @a11002.481 | |
| 100 | @a19950725d1978 em y0chiy0121 ea | |
| 101 | 1 | @achi@crus |
| 102 | @aCN@b110000 | |
| 105 | @ay z 000yy | |
| 200 | 10 | @a苏联通史@Asu lian tong shi@h第二卷@f(苏)安·米·潘克拉托娃主编@F(Su)An·Mi·Pan Ke La Tuo Wa Zhu Bian@g山东大学翻译组译 |
| 210 | @a北京@c三联书店@d1978 | |
| 215 | @a571页@d20cm | |
| 300 | @a内部读物 | |
| 606 | 0 | @a苏联@x通史 |
| 690 | @aK512.0@v3 | |
| 701 | 0 | @a潘克拉托娃@4主编 |
| 712 | 02 | @a山东大学翻译组@Ashan dong da xue fan yi zu@4译 |
| 801 | @aCN@bTSTC@c20060818 | |
| 905 | @dK512.0@e13:2@f1@b30657 | |
| 苏联通史.第二卷/(苏)安·米·潘克拉托娃主编/山东大学翻译组译.-北京:三联书店,1978 |
| 571页;20cm |
| 内部读物 |
| ISBN :CNY1.90 |
| ● |
| 相关链接 |
|
|
|
|
正题名:苏联通史
索取号:K512.0/13:2
 
预约/预借
| 序号 | 登录号 | 条形码 | 馆藏地/架位号 | 状态 | 备注 |
| 1 | 0030655 | 001657193 | 密集书库/ [索取号:K512.0/13:2] | 在馆 | |
| 2 | 0030656 | 001394592 | 第二借阅区/ [索取号:K512.0/13:2] | 在馆 | |
| 3 | 0030657 | 001974448 | 密集书库/ [索取号:K512.0/13:2] | 在馆 | |
| 4 | 0172913 | 001657157 | 密集书库/ [索取号:K512.0/13:2] | 在馆 | |
| 5 | 0172914 | 001394510 | 第二样本阅览室/ [索取号:K512.0/13:2] | 在馆 | |
| 6 | 0219264 | 001739382 | 密集书库/ [索取号:K512.0/13:2] | 在馆 | |
| 7 | 0435483 | 204354830 | 密集书库/ [索取号:K512.0/13:2] | 在馆 | |
| 8 | 0466494 | 204664942 | 密集书库/ [索取号:K512.0/13:2] | 在馆 |